Geography Ending in Cia Quiz Stats

 Plays Quiz not verified by Sporcle

Support Sporcle.
Go Orange.
Score 0/14 Timer 04:00
0 Plays Today
Clue Place % Correct
Spain and Venezuela's third largest cityValencia
96%
Caribbean island nation with castries as its capital citySaint Lucia
86%
The kingdom of the FranksFrancia
62%
Autonomous community in northern in Spain with Santiago de Compostela as its capitalGalicia
58%
Autonomous community and its eponymous capital city in southern SpainMurcia
36%
Colombian Island on the Caribbean and Chilean city in Santiago metroProvidencia
25%
City in Lombardy, northern ItalyBrescia
24%
Clue Place % Correct
Ancient empire in what is today Lebanon, Israel, and SyriaPhoenicia
24%
Name the Romans gave to modern Romania and MoldovaDacia
24%
City in Castile and Leon, Spain, famous for its massive ChristPalencia
18.8%
Historical region in today's Central Anatolia, TurkeyCappadocia
18%
City in the Amazonas department, Colombia and southernmostLeticia
14%
Southeastern Colombia city and capital of the Caqueta departmentFlorencia
10%
Northeastern city and the capital of the Chaco province in ArgentinaResistencia
10%

You're not logged in!

Compare scores with friends on all Sporcle quizzes.
OR
Log In

From the Vault

Disney Sidekicks II

by Hejman

Zany shenanigans are about to ensue.
Remove Ads.
Support Sporcle.
Get the best of Sporcle when you Go Orange. This ad-free experience offers more features, more stats, and more fun while also helping to support Sporcle. Thank you for becoming a member.

Show Comments

Extras

Created Feb 6, 2016ReportNominate
Tags:cia, Ending, place

Top Quizzes Today


Score Distribution

Your Account Isn't Verified!

In order to create a playlist on Sporcle, you need to verify the email address you used during registration. Go to your Sporcle Settings to finish the process.

Report this User

Report this user for behavior that violates our Community Guidelines.

Details: